[Event "1989 PHCC Championships"]
[Site "Port Huron "]
[Date "1989.02.09"]
[Round "3"]
[White "Douglas, Scott"]
[Black "Rutkofske, Lonnie"]
[Result "0-1"]
[WhiteElo "1800"]
[BlackElo "1901"]
[PlyCount "48"]
[EventDate "1989.02.09"]
[EventType "swiss"]
[EventRounds "4"]

1. e4 e6 2. d4 d5 3. Nc3 Nf6 4. Bg5 Be7 5. e5 Ng8 6. Bd2 Nd7 7. Qg4 Bf8 8. Bd3 Ne7 9. f4 f5 10. Qg3 Nb6 11. Nf3 Ng6 12. O-O-O Be7 13. h4 O-O 14. h5 Nh8 15. Qh3 Bd7 16. g4 Be8 17. Rdg1 Qd7 18. Qg3 Bd8 19. Rh2 Nc4 20. Rgh1 Rf7 21. gxf5 exf5 22. Ng5 Bxg5 23. Qxg5 Kf8 24. Bxf5 Rxf5 0-1

[Event "1989 PHCC Championships"]
[Site "Port Huron"]
[Date "1989.02.16"]
[Round "4"]
[White "Fiedler, Robert"]
[Black "Douglas, Scott"]
[Result "1-0"]
[WhiteElo "1775"]
[BlackElo "1800"]
[PlyCount "43"]
[EventDate "1989.02.16"]
[EventType "swiss"]
[EventRounds "4"]

1. e4 e5 2. Nf3 Nc6 3. Bb5 a6 4. Ba4 Nf6 5. Nc3 Be7 6. a3 O-O 7. O-O b5 8. Bb3 d6 9. h3 Re8 10. d3 h6 11. Ba2 Bb7 12. b4 Bf8 13. Ne2 d5 14. exd5 Nxd5 15. c4 Nf6 16. c5 e4 17. dxe4 Nxe4 18. Qb3 Qe7 19. Nf4 Qf6 20. Nd5 Qd8 21. Rd1 Ne7 22. Nf6+ 1-0

[Event "1989 PHCC Championships"]
[Site "Port Huron"]
[Date "1989.02.16"]
[Round "4"]
[White "Rutkofske, Lonnie"]
[Black "Wilkinson, Stewart"]
[Result "0-1"]
[WhiteElo "1901"]
[BlackElo "1850"]
[PlyCount "102"]
[EventDate "1989.02.16"]
[EventType "swiss"]
[EventRounds "4"]

1. c4 c5 2. g3 g6 3. Bg2 Bg7 4. Nc3 Nc6 5. Rb1 e5 6. a3 a5 7. d3 Nge7 8. Nf3 d6 9. Nb5 Rb8 10. Ng5 Nd4 11. Qa4 O-O 12. Bd2 Nxb5 13. Qxb5 b6 14. a4 Bd7 15. Qb3 Bc6 16. O-O Bxg2 17. Kxg2 h6 18. Ne4 f5 19. Nc3 f4 20. Nd5 Nxd5 21. cxd5 Qf6 22. f3 h5 23. Qc4 Bh6 24. Rg1 Kh7 25. Qe4 fxg3 26. Bxh6 Kxh6 27. hxg3 Qf5 28. Qe3+ Qg5 29. Qe4 h4 30. Qxh4+ Qxh4 31. gxh4 Rf4 32. b3 Rxh4 33. Rh1 Rxh1 34. Rxh1+ Kg7 35. Kg3 b5 36. Rh4 bxa4 37. Rxa4 Rxb3 38. Rxa5 Rb6 39. Ra7+ Kf6 40. Rc7 g5 41. Rc6 Rxc6 42. dxc6 Ke6 43. e4 Ke7 44. Kg4 Kd8 45. Kxg5 Kc7 46. Kf6 {Diagram  [A serious mistake! best was 46.f4 forcing the exchange and almost guaranteeing a draw. The text is a tempo waster.]} Kxc6 47. Ke6 Kc7 48. Ke7 Kc6 49. Kd8 {[Loses immediately since the White monarch wanders too far afield.]} d5 50. Ke7 d4 51. Ke6 c4 0-1

[Event "1998 PHCC Championships"]
[Site "Port Huron, MI"]
[Date "1998.03.26"]
[Round "1"]
[White "Bruziewicz, Andrew"]
[Black "Wingrove, William"]
[Result "1-0"]
[WhiteElo "2104"]
[BlackElo "1660"]
[PlyCount "81"]
[EventDate "1998.03.26"]
[EventType "swiss"]
[EventRounds "5"]

1. d4 Nf6 2. Bg5 g6 3. Bxf6 exf6 4. Nf3 d5 5. c3 b6 6. Nbd2 Bb7 7. e3 Bg7 8. h4 Nc6 9. h5 Qd6 10. Qa4 O-O-O 11. Ba6 Kb8 12. Qb5 Ne7 13. a4 Qc6 14. Qe2 Bxa6 15. Qxa6 Qb7 16. Qe2 a5 17. b4 Nc6 18. Rb1 Bf8 19. bxa5 Nxa5 20. hxg6 fxg6 21. O-O Qc6 22. Nb3 Qc4 23. Qa2 Nxb3 24. Rxb3 Kc8 25. Rfb1 Bd6 26. a5 bxa5 27. Qxa5 Kd7 28. Nd2 Qc6 29. Qa1 Ra8 30. Qb2 Qa6 31. Qc2 Qa2 32. R3b2 Qa4 33. Qd3 Qa7 34. e4 dxe4 35. Nxe4 Rhf8 36. Qh3+ Kc6 37. Nxd6 cxd6 38. Qf3+ d5 39. Rb5 Rad8 40. Rc5+ Kd7 41. Qxd5+ 1-0

[Event "1998 PHCC Championships"]
[Site "Port Huron, MI"]
[Date "1998.03.26"]
[Round "1"]
[White "Ortiz, Hugo"]
[Black "Rutkofske, Lonnie"]
[Result "1-0"]
[WhiteElo "1641"]
[BlackElo "1897"]
[PlyCount "118"]
[EventDate "1998.03.26"]
[EventType "swiss"]
[EventRounds "5"]

1. d4 g6 2. c4 Bg7 3. Nc3 c5 4. d5 d6 5. Bd2 e6 6. e4 exd5 7. exd5 Nf6 8. Nf3 O-O 9. Be2 Re8 10. O-O Bg4 11. h3 Bxf3 12. Bxf3 Nbd7 13. Bf4 Ne5 14. Be2 a6 15. b3 Nfd7 16. Qc2 f5 17. Rad1 Qf6 18. Nb1 g5 19. Bd2 Ng6 20. Bc3 Nde5 21. Bh5 Re7 22. Bxg6 Qxg6 23. Rfe1 Rae8 24. Re3 f4 25. Qxg6 Nxg6 26. Rxe7 Rxe7 27. Re1 Be5 28. f3 Kf7 29. Bxe5 Nxe5 30. Nd2 Nd3 31. Rxe7+ Kxe7 32. Kf1 h6 33. a3 Kf6 34. Ke2 Nc1+ 35. Kd1 Nd3 36. Ke2 Ne5 37. Ne4+ Ke7 38. Kd2 Nd7 39. Kc3 Nf6 40. Nxf6 Kxf6 41. Kd3 Kf5 42. b4 b6 43. bxc5 bxc5 44. Kc3 h5 45. Kb3 g4 46. h4 Ke5 47. Kc3 Kf6 48. Kb3 Kf7 49. Ka4 Kf6 50. Ka5 Ke5 51. Kxa6 gxf3 52. gxf3 Kd4 53. Kb5 Ke3 54. a4 Kxf3 55. a5 Kg3 56. a6 f3 57. a7 f2 58. a8=Q f1=Q 59. Qd8 Qf4 1-0

[Event "1998 PHCC Championships"]
[Site "Port Huron, MI"]
[Date "1998.03.26"]
[Round "1"]
[White "Swoffer, Tom"]
[Black "Petty, Michael"]
[Result "0-1"]
[WhiteElo "1100"]
[BlackElo "1800"]
[PlyCount "72"]
[EventDate "1998.03.26"]
[EventType "swiss"]
[EventRounds "5"]

1. e4 d6 2. Nf3 g6 3. Nc3 Bg7 4. d4 Bg4 5. d5 Bxc3+ 6. bxc3 Nf6 7. h3 Bd7 8. e5 Ne4 9. Ng5 Nxg5 10. Bxg5 dxe5 11. Bd3 c6 12. d6 f6 13. Bh4 exd6 14. Qf3 O-O 15. Qg3 e4 16. Bc4+ d5 17. Bb3 Qa5 18. O-O Na6 19. c4 Nc5 20. cxd5 Nxb3 21. cxb3 cxd5 22. Qd6 Rad8 23. Bxf6 Bxh3 24. Bxd8 Rxd8 25. Qg3 Bf5 26. a4 d4 27. Rac1 d3 28. Rc7 Qd5 29. Rc4 Be6 30. f3 e3 31. f4 e2 32. Rf3 d2 33. Rd3 Qxd3 34. Qxd3 e1=Q+ 35. Kh2 Rxd3 36. Rc7 Qg3+ 0-1

[Event "1998 PHCC Championships"]
[Site "Port Huron, MI"]
[Date "1998.03.26"]
[Round "1"]
[White "Wilkinson, Stewart"]
[Black "Bedy, Noel"]
[Result "1-0"]
[WhiteElo "1873"]
[BlackElo "1628"]
[PlyCount "91"]
[EventDate "1998.03.26"]
[EventType "swiss"]
[EventRounds "5"]

1. e4 d5 2. exd5 Nf6 3. d4 Bg4 4. Be2 Bxe2 5. Qxe2 Qxd5 6. Nf3 Nc6 7. Be3 e6 8. O-O O-O-O 9. c4 Qf5 10. Nc3 a6 11. a3 Bd6 12. c5 Bf4 13. b4 Nd5 14. Nxd5 exd5 15. b5 Nb8 16. bxa6 Nxa6 17. c6 Bxe3 18. fxe3 Rhe8 19. cxb7+ Kxb7 20. Rab1+ Ka7 21. Ne5 Qe6 22. Rfc1 Rd6 23. Qc2 f6 24. Nc6+ Rxc6 25. Qxc6 Qxc6 26. Rxc6 Rxe3 27. Rb5 Rxa3 28. Rxd5 Kb7 29. Rc1 Kc8 30. Re1 c6 31. Rh5 h6 32. Rh3 Rxh3 33. gxh3 Nb4 34. Kf2 Nd5 35. Kf3 Kd7 36. h4 g5 37. hxg5 hxg5 38. Ra1 Kd6 39. Rc1 Kd7 40. Ke4 Kd6 41. Rc5 Kd7 42. Kf5 Kd6 43. h3 Ne3+ 44. Kxf6 g4 45. Re5 Nd5+ 46. Rxd5+ 1-0

[Event "1998 PHCC Championships"]
[Site "Port Huron, MI"]
[Date "1998.03.26"]
[Round "1"]
[White "Willard, Phillip"]
[Black "Roome, Eric"]
[Result "0-1"]
[WhiteElo "1508"]
[BlackElo "1659"]
[PlyCount "96"]
[EventDate "1998.03.26"]
[EventType "swiss"]
[EventRounds "5"]

1. e4 e6 2. f4 d5 3. d3 dxe4 4. dxe4 Qxd1+ 5. Kxd1 Nf6 6. Bd3 Ng4 7. Nh3 Bc5 8. Be2 e5 9. f5 Nf6 10. Bf3 O-O 11. Bd2 Rd8 12. Ke2 Bd7 13. c4 b5 14. Rc1 bxc4 15. Bg5 Bb5 16. Nc3 Ba6 17. Bxf6 gxf6 18. Rd1 Nc6 19. a3 Nd4+ 20. Kf1 c6 21. Ng1 Rab8 22. Ra2 Rb3 23. Nge2 Rdb8 24. Rd2 Kg7 25. Bg4 R8b7 26. Ke1 Nxe2 27. Bxe2 Bd4 28. Na4 Bb5 29. Rc2 Bxa4 30. Rxc4 Bb5 31. Rc2 Re3 32. b4 Rxe4 33. a4 Bxe2 34. Rxe2 Rxe2+ 35. Kxe2 Rxb4 36. Kd3 c5 37. a5 c4+ 38. Kc2 c3 39. a6 Rb2+ 40. Rxb2 cxb2 41. g4 e4 42. h4 e3 43. g5 e2 44. h5 fxg5 45. f6+ Kxf6 46. h6 e1=Q 47. Kb3 b1=Q+ 48. Ka4 Qbb4# 0-1

[Event "1998 PHCC Championships"]
[Site "Port Huron , MI"]
[Date "1998.04.09"]
[Round "2"]
[White "Bedy, Noel"]
[Black "Swoffer, Tom"]
[Result "1-0"]
[WhiteElo "1628"]
[BlackElo "1100"]
[PlyCount "87"]
[EventDate "1998.04.09"]
[EventType "swiss"]
[EventRounds "5"]

1. d4 d5 2. Nf3 f5 3. Bf4 Nc6 4. e3 a6 5. c4 Nf6 6. h3 Ne4 7. Bd3 e6 8. O-O h6 9. Ne5 Nxe5 10. Bxe5 Qh4 11. Bxc7 Bd7 12. Be5 Rg8 13. Nd2 Nxd2 14. Qxd2 g5 15. f3 Bc6 16. Qf2 Be7 17. Qxh4 gxh4 18. Rac1 Kf7 19. c5 Bg5 20. Kf2 Rg6 21. Be2 Bf6 22. f4 Rag8 23. Bh5 Bb5 24. Rg1 Bxe5 25. dxe5 Rc8 26. b4 Kg7 27. Bxg6 Kxg6 28. g3 Kh5 29. g4+ fxg4 30. Rxg4 Rd8 31. Rd1 Be8 32. Rg8 Ra8 33. a3 a5 34. Rd2 axb4 35. axb4 Ra4 36. Rxe8 Kg6 37. Rd4 Kf7 38. Rc8 Ke7 39. Kf3 Kd7 40. Rh8 Kc6 41. Rxh6 Kb5 42. Rxe6 Ra6 43. Rxa6 Kxa6 44. e6 1-0

[Event "1998 PHCC Championships"]
[Site "Port Huron, MI"]
[Date "1998.04.09"]
[Round "2"]
[White "Petty, Michael"]
[Black "Bruziewicz, Andrew"]
[Result "0-1"]
[WhiteElo "1800"]
[BlackElo "2104"]
[PlyCount "108"]
[EventDate "1998.04.09"]
[EventType "swiss"]
[EventRounds "5"]

1. e4 Nc6 2. Bc4 Ne5 3. Be2 Ng6 4. d4 e5 5. Nf3 exd4 6. Qxd4 Be7 7. O-O d6 8. Re1 Nf6 9. Nc3 O-O 10. Bg5 h6 11. Be3 Ng4 12. Nd5 Nxe3 13. Nxe7+ Qxe7 14. Qxe3 Re8 15. Nd2 Bd7 16. f4 Qf6 17. Rf1 Qxb2 18. Qd3 Bc6 19. Bh5 Qf6 20. Rae1 Re7 21. e5 dxe5 22. fxe5 Qg5 23. g4 Nf4 24. Qe3 Nxh5 25. Qxg5 hxg5 26. gxh5 Rae8 27. Rf5 f6 28. Nc4 Bd7 29. Rff1 f5 30. Rf2 b5 31. Nd2 Rxe5 32. Rxe5 Rxe5 33. Nf3 Re4 34. Nxg5 Rg4+ 35. Rg2 Rxg2+ 36. Kxg2 Be8 37. Ne6 c6 38. Nd4 Bd7 39. Kg3 Kf7 40. Kf4 Kf6 41. h4 a5 42. Nb3 a4 43. Nc5 Be8 44. c4 Bxh5 45. Nd7+ Ke6 46. Nb6 Be2 47. c5 a3 48. Kg5 Bc4 49. Nc8 Bxa2 50. Nd6 Bb1 51. Kg6 a2 52. Ne8 a1=Q 53. Nxg7+ Qxg7+ 54. Kxg7 f4 0-1

[Event "1998 PHCC Championships"]
[Site "Port Huron, MI"]
[Date "1998.04.09"]
[Round "2"]
[White "Roome, Eric"]
[Black "Ortiz, Hugo"]
[Result "1/2-1/2"]
[WhiteElo "1659"]
[BlackElo "1641"]
[PlyCount "69"]
[EventDate "1998.04.09"]
[EventType "swiss"]
[EventRounds "5"]

1. e4 c6 2. d3 d5 3. Nd2 dxe4 4. Nxe4 Bf5 5. Ng3 Bg6 6. Nf3 e6 7. Be2 Nf6 8. O-O Be7 9. Ne5 Nbd7 10. Nxg6 hxg6 11. c3 Qc7 12. d4 Nb6 13. Bf3 O-O-O 14. a4 a5 15. Qe2 Nbd5 16. Rd1 Bd6 17. Bxd5 exd5 18. Bg5 Rde8 19. Qf3 Nh5 20. Re1 Nxg3 21. Rxe8+ Rxe8 22. fxg3 Re4 23. Rf1 f6 24. Bc1 Qe7 25. g4 Qc7 26. h3 g5 27. Qf5+ Kb8 28. Qf3 Qe7 29. Kh1 Bc7 30. g3 Qd7 31. Kg2 Qe7 32. Rf2 Qe8 33. Bd2 Qe7 34. Bc1 Re1 35. Bd2 1/2-1/2

[Event "1998 PHCC Championships"]
[Site "Port Huron, MI"]
[Date "1998.04.09"]
[Round "2"]
[White "Rutkofske, Lonnie"]
[Black "Wilkinson, Stewart"]
[Result "0-1"]
[WhiteElo "1897"]
[BlackElo "1873"]
[PlyCount "58"]
[EventDate "1998.04.09"]
[EventType "swiss"]
[EventRounds "5"]

1. f4 Nf6 2. Nf3 d5 3. e3 g6 4. c4 Bg7 5. Nc3 O-O 6. Qb3 dxc4 7. Bxc4 Nc6 8. Nb5 e6 9. Qa3 a6 10. Nc3 b6 11. b4 Bb7 12. Rb1 a5 13. b5 Nb4 14. O-O Ne4 15. d4 Nxc3 16. Qxc3 Be4 17. Rb2 Rc8 18. Nd2 Ba8 19. Rxb4 axb4 20. Qxb4 Qd6 21. Qc3 c5 22. Ba3 Qc7 23. Qb3 Qb7 24. Nf3 Rfd8 25. dxc5 bxc5 26. Qc2 Qe4 27. Qc1 Bd5 28. Bxd5 Rxd5 29. Ne1 c4 0-1

[Event "1998 PHCC Championships"]
[Site "Port Huron, MI"]
[Date "1998.04.09"]
[Round "2"]
[White "Wingrove, William"]
[Black "Willard, Phillip"]
[Result "1/2-1/2"]
[WhiteElo "1660"]
[BlackElo "1508"]
[PlyCount "98"]
[EventDate "1998.04.09"]
[EventType "swiss"]
[EventRounds "5"]

1. e4 e5 2. Nf3 d6 3. Bc4 h6 4. d4 exd4 5. Nxd4 Nf6 6. Nc3 Be7 7. O-O O-O 8. Qf3 Ng4 9. Bb3 Bf6 10. Nf5 h5 11. h3 Bxf5 12. exf5 Bxc3 13. bxc3 Ne5 14. Qxh5 Nbd7 15. Bg5 Nf6 16. Qh4 a5 17. Rfe1 c6 18. Rad1 Re8 19. Kh1 b5 20. a3 d5 21. Bxf6 Qxf6 22. Qxf6 gxf6 23. a4 b4 24. cxb4 axb4 25. Rd2 Nd7 26. Rde2 Rxe2 27. Rxe2 Nc5 28. Re1 Nxa4 29. h4 Nc5 30. Re7 Nxb3 31. cxb3 c5 32. Rc7 Ra5 33. g4 d4 34. Kg2 Ra3 35. Rxc5 Rxb3 36. Kf1 d3 37. Ke1 Rc3 38. Rb5 Rc4 39. f3 Rf4 40. Kd2 Rxf3 41. Rxb4 Rh3 42. h5 Kg7 43. Rd4 Rg3 44. Re4 Kh6 45. Re7 Rxg4 46. Rxf7 Kxh5 47. Rxf6 Rg3 48. Rd6 Rf3 49. Rxd3 Rxf5 1/2-1/2

[Event "1998 PHCC Championships"]
[Site "Port Huron, MI"]
[Date "1998.04.16"]
[Round "3"]
[White "Bruziewicz, Andrew"]
[Black "Wilkinson, Stewart"]
[Result "1-0"]
[WhiteElo "2104"]
[BlackElo "1873"]
[PlyCount "59"]
[EventDate "1998.04.16"]
[EventType "swiss"]
[EventRounds "5"]

1. d4 e6 2. c3 d5 3. Bf4 Bd6 4. Bg3 Nf6 5. Qc2 Nc6 6. Nf3 Qe7 7. Nbd2 Bd7 8. e4 Bxg3 9. hxg3 dxe4 10. Nxe4 O-O-O 11. O-O-O Nd5 12. Nc5 Nb6 13. Rxh7 Rxh7 14. Qxh7 e5 15. Nxd7 Nxd7 16. Qxg7 exd4 17. Nxd4 Nxd4 18. Qxd4 Qg5+ 19. Kb1 Qf5+ 20. Bd3 Qh5 21. Be4 c5 22. Qd5 Qxd5 23. Rxd5 Kc7 24. Bf5 Nf6 25. Rxc5+ Kb6 26. Rc4 Rd1+ 27. Kc2 Rf1 28. Rf4 Nh5 29. Rf3 Nxg3 30. fxg3 1-0

[Event "1998 PHCC Championships"]
[Site "Port Huron, MI"]
[Date "1998.04.16"]
[Round "3"]
[White "Ortiz, Hugo"]
[Black "Bedy, Noel"]
[Result "0-1"]
[WhiteElo "1641"]
[BlackElo "1626"]
[PlyCount "62"]
[EventDate "1998.04.31"]
[EventType "swiss"]
[EventRounds "5"]

1. d4 d5 2. Nf3 Nf6 3. e3 Bg4 4. Nbd2 e6 5. Bd3 c5 6. c3 Nbd7 7. O-O Bd6 8. Qe2 O-O 9. e4 e5 10. exd5 Nxd5 11. Bxh7+ Kh8 12. Bc2 exd4 13. Nc4 N7f6 14. Nxd6 Qxd6 15. cxd4 Rfe8 16. Qd3 Nb4 17. Ne5 Be6 18. Qg3 Qf8 19. Qh4+ Kg8 20. Ba4 Red8 21. Rd1 b5 22. Bxb5 Nc2 23. Rb1 Nxd4 24. Bd3 Bf5 25. Bg5 Bxd3 26. Nxd3 Nf5 27. Qh3 Ne7 28. Bxf6 gxf6 29. Nxc5 Ng6 30. Ne4 Rxd1+ 31. Rxd1 Qe7 {[Black wins on time.]} 0-1

[Event "1998 PHCC Championships"]
[Site "Port Huron, MI"]
[Date "1998.04.16"]
[Round "3"]
[White "Roome, Eric"]
[Black "Petty, Michael"]
[Result "1-0"]
[WhiteElo "1659"]
[BlackElo "1800"]
[PlyCount "97"]
[EventDate "1998.04.16"]
[EventType "swiss"]
[EventRounds "5"]

1. e4 d6 2. Nf3 g6 3. g3 Bg7 4. Bg2 Nf6 5. d3 c6 6. O-O Qb6 7. Nbd2 Nfd7 8. Nc4 Qb5 9. a4 Qa6 10. a5 b5 11. Ne3 Nc5 12. c3 Be6 13. b4 Bxc3 14. Rb1 Ba2 15. Bb2 Na4 16. Bxc3 Nxc3 17. Qc2 Nxb1 18. Qxa2 Nc3 19. Qb2 Ne2+ 20. Qxe2 Nd7 21. Qb2 O-O-O 22. Rc1 Kb7 23. Bh3 e6 24. Ng5 Ne5 25. Qc3 h6 26. Nxf7 Nxf7 27. Bxe6 Ne5 28. f4 Nd7 29. Bxd7 Rh7 30. Bxc6+ Kb8 31. d4 h5 32. d5 h4 33. Qf6 Qc8 34. g4 Qc7 35. Qxg6 h3 36. Nf5 a6 37. g5 Qa7+ 38. Kf1 Rf7 39. Ke2 Rxf5 40. exf5 Qd4 41. Qf6 Qe4+ 42. Kd1 Qh1+ 43. Kc2 Qe4+ 44. Kb3 Qd3+ 45. Kb2 Qd2+ 46. Kb3 Qd3+ 47. Kb2 Qd2+ 48. Kb3 Qd3+ 49. Qc3 1-0

[Event "1998 PHCC Championships"]
[Site "Port Huron, MI"]
[Date "1998.04.16"]
[Round "3"]
[White "Swoffer, Tom"]
[Black "Wingrove, William"]
[Result "0-1"]
[WhiteElo "1100"]
[BlackElo "1626"]
[PlyCount "82"]
[EventDate "1998.04.16"]
[EventType "swiss"]
[EventRounds "5"]

1. d4 Nf6 2. Nc3 g6 3. Nf3 Bg7 4. Bf4 d5 5. e3 O-O 6. Bd3 c5 7. O-O Nc6 8. dxc5 Nh5 9. Qd2 e5 10. Bg5 f6 11. Bh4 e4 12. Be2 exf3 13. Bxf3 d4 14. exd4 Qxd4 15. Bd5+ Kh8 16. Ne4 Bf5 17. Bxc6 Qxd2 18. Nxd2 bxc6 19. c3 Rab8 20. b4 Bd3 21. Rfe1 Rfe8 22. Bg3 Nxg3 23. hxg3 f5 24. Re3 Rxe3 25. fxe3 Bxc3 26. Rd1 Be2 27. Re1 Bxd2 28. Rxe2 Bxb4 29. Rb2 Rb5 30. a4 Bc3 31. Rxb5 cxb5 32. axb5 Ba5 33. Kf2 Kg7 34. Ke2 Kf6 35. Kd3 Ke6 36. Kc4 Bc7 37. g4 fxg4 38. c6 h5 39. Kb4 h4 40. e4 h3 41. gxh3 gxh3 0-1

[Event "1998 PHCC Championships"]
[Site "Port Huron, MI"]
[Date "1998.04.16"]
[Round "3"]
[White "Willard, Phillip"]
[Black "Rutkofske, Lonnie"]
[Result "0-1"]
[WhiteElo "1508"]
[BlackElo "1897"]
[PlyCount "52"]
[EventDate "1998.04.16"]
[EventType "swiss"]
[EventRounds "5"]

1. e4 e6 2. f4 d5 3. e5 c5 4. Nf3 Nc6 5. d4 cxd4 6. Nxd4 Bc5 7. Nxc6 bxc6 8. Qe2 Ne7 9. Be3 d4 10. Bd2 a5 11. Qf3 Qb6 12. Qb3 Qa7 13. Qg3 Nf5 14. Qf3 Bb7 15. Na3 Bxa3 16. Qxa3 Qb6 17. O-O-O c5 18. Rg1 O-O 19. Qh3 Rab8 20. b3 a4 21. Bd3 axb3 22. cxb3 Ba6 23. Bxf5 exf5 24. Qxf5 c4 25. Qc2 cxb3 26. Qxb3 Rfc8+ 0-1

[Event "1998 PHCC Championships"]
[Site "Port Huron, MI"]
[Date "1998.04.23"]
[Round "4"]
[White "Bedy, Noel"]
[Black "Rutkofske, Lonnie"]
[Result "0-1"]
[WhiteElo "1628"]
[BlackElo "1897"]
[PlyCount "88"]
[EventDate "1998.04.23"]
[EventType "swiss"]
[EventRounds "5"]

1. d4 Nf6 2. Nc3 e6 3. Bg5 d5 4. e4 Be7 5. exd5 exd5 6. Bd3 h6 7. Bf4 Bg4 8. f3 Bd7 9. Nge2 Nc6 10. Qd2 Nb4 11. Nd1 Nxd3+ 12. Qxd3 Qc8 13. Ne3 O-O 14. g4 Re8 15. h4 c5 16. c3 cxd4 17. Nxd4 Nh7 18. Kd2 Be6 19. Rag1 Nf8 20. h5 f6 21. Nef5 Qc4 22. Qe3 Bc5 23. Nd6 Bxd6 24. Bxd6 Bf5 25. b3 Rxe3 26. bxc4 Rd3+ 27. Kc1 Bd7 28. f4 Rxc3+ 29. Kd2 Rxc4 30. Kd3 Rac8 31. g5 Kh7 32. gxf6 gxf6 33. Be7 Ne6 34. Nxe6 Bxe6 35. Bxf6 Bf5+ 36. Kd2 R8c7 37. Be5 Re7 38. Rc1 Be4 39. Rhg1 Rxc1 40. Rxc1 Bf3 41. Rc7 Rxc7 42. Bxc7 Bxh5 43. Be5 Kg6 44. Ke3 Kf5 0-1

[Event "1998 PHCC Championships"]
[Site "Port Huron, MI"]
[Date "1998.04.23"]
[Round "4"]
[White "Petty, Michael"]
[Black "Ortiz, Hugo"]
[Result "1-0"]
[WhiteElo "1800"]
[BlackElo "1641"]
[PlyCount "81"]
[EventDate "1998.04.23"]
[EventType "swiss"]
[EventRounds "5"]

1. e4 c6 2. Bc4 d5 3. exd5 cxd5 4. Bb3 Nf6 5. d3 Nc6 6. c3 e5 7. Bg5 Be7 8. Qe2 O-O 9. Nd2 Re8 10. O-O-O a5 11. Ba4 Nd7 12. Bxe7 Qxe7 13. Ngf3 Nb6 14. Bb5 Bd7 15. Rhe1 f6 16. Qe3 d4 17. cxd4 Nxd4 18. Nxd4 Qc5+ 19. Bc4+ Nxc4 20. dxc4 exd4 21. Qd3 b5 22. b3 bxc4 23. Rxe8+ Rxe8 24. Qxc4+ Qxc4+ 25. Nxc4 Re2 26. Rd2 Re1+ 27. Kc2 Bf5+ 28. Kb2 d3 29. Nxa5 Re2 30. Kc3 Re8 31. a4 Rc8+ 32. Nc4 Kf8 33. a5 Ke7 34. f3 Kd7 35. g4 Bg6 36. f4 Be4 37. Kd4 Re8 38. Nb2 Bf3 39. h3 Re4+ 40. Kxd3 Rb4 41. Kc3+ 1-0

[Event "1998 PHCC Championships"]
[Site "Port Huron, MI"]
[Date "1998.04.23"]
[Round "4"]
[White "Swoffer, Tom"]
[Black "Willard, Phillip"]
[Result "0-1"]
[WhiteElo "1100"]
[BlackElo "1508"]
[Annotator "Doe,John"]
[PlyCount "108"]
[EventDate "1998.04.23"]
[EventType "swiss"]
[EventRounds "5"]

1. e4 e5 2. Nc3 d6 3. Bc4 Nf6 4. d3 h6 5. h3 g5 6. Nd5 a5 7. Qf3 Bg7 8. Nxf6+ Bxf6 9. Qh5 Qe7 10. Nf3 Qf8 11. h4 c6 12. Qxf7+ Qxf7 13. Bxf7+ Kxf7 14. hxg5 hxg5 15. Nxg5+ Kg6 16. Rxh8 Bxh8 17. f4 Bd7 18. f5+ Kf6 19. Nf3 Na6 20. Bg5+ Kf7 21. O-O-O Bf6 22. Rh1 Rg8 23. Rh7+ Rg7 24. Rh5 Nc5 25. Bxf6 Kxf6 26. Rh6+ Ke7 {[ 27.f6! forks the rook and King! ]} 27. Rg6 Rxg6 28. fxg6 Kf8 29. Kd2 Kg7 30. Nh4 d5 31. exd5 cxd5 32. Ke3 Bg4 33. d4 Na4 34. b3 Nc3 35. a4 e4 36. Kf4 Bd1 37. Kg5 e3 38. Nf5+ Kg8 39. Nxe3 Ne4+ 40. Kh6 Nf2 41. g7 Ng4+ 42. Nxg4 Bxg4 43. c4 Bd1 44. cxd5 Bxb3 45. d6 Bxa4 46. Kg6 Bd7 47. Kf6 a4 48. Ke7 a3 49. Kxd7 a2 50. Kc7 a1=Q 51. d7 Qxd4 52. d8=Q+ Qxd8+ 53. Kxd8 b5 54. Kc7 b4 0-1

[Event "1998 PHCC Championships"]
[Site "Port Huron, MI"]
[Date "1998.04.23"]
[Round "4"]
[White "Wilkinson, Stewart"]
[Black "Wingrove, William"]
[Result "0-1"]
[WhiteElo "1873"]
[BlackElo "1660"]
[PlyCount "85"]
[EventDate "1988.04.16"]
[EventType "swiss"]
[EventRounds "5"]

1. e4 c5 2. Nc3 Nc6 3. g3 g6 4. Bg2 Bg7 5. d3 d6 6. Be3 e6 7. Nge2 Nge7 8. Qd2 Rb8 9. Bh6 O-O 10. Bxg7 Kxg7 11. O-O d5 12. exd5 exd5 13. Nf4 d4 14. Ne4 b6 15. Nh3 Ne5 16. Qf4 N7c6 17. Neg5 Bf5 18. Rae1 Qd7 19. Qh4 h6 20. Ne4 f6 21. f4 Ng4 22. Nhf2 Ne3 23. g4 g5 24. fxg5 fxg5 25. Nxg5 hxg5 26. Qxg5+ Bg6 27. Be4 Rf6 28. h4 Kf7 29. Bxg6+ Rxg6 30. Ne4+ Nxf1 31. Rxf1+ Kg7 32. Qxg6+ Kxg6 33. h5+ Kg7 34. Rf5 Rf8 35. h6+ Kg8 36. Rg5+ Kh7 37. Ng3 Qe7 38. Rg7+ Qxg7 39. hxg7 Kxg7 40. Nf5+ Rxf5 41. gxf5 Kf6 42. Kf2 Kxf5 43. Kf3 0-1

[Event "1998 PHCC Championships"]
[Site "Port Huron, MI"]
[Date "1998.04.30"]
[Round "5"]
[White "Ortiz, Hugo"]
[Black "Swoffer, Tom"]
[Result "1-0"]
[WhiteElo "1641"]
[BlackElo "1100"]
[PlyCount "39"]
[EventDate "1998.04.30"]
[EventType "swiss"]
[EventRounds "5"]

1. d4 d5 2. Nf3 g6 3. Bg5 Bg7 4. Nbd2 Nf6 5. e3 Bg4 6. Bd3 Nbd7 7. O-O e5 8. dxe5 Nxe5 9. Be2 h6 10. Bh4 Nxf3+ 11. Bxf3 Qd7 12. c3 O-O-O 13. Nb3 Bxf3 14. Qxf3 b6 15. Bxf6 Bxf6 16. Qxf6 Rhe8 17. a4 Re6 18. Qf3 a5 19. c4 dxc4 20. Qa8# 1-0

[Event "1998 PHCC Championships"]
[Site "Port Huron, MI"]
[Date "1998.04.30"]
[Round "5"]
[White "Petty, Michael"]
[Black "Wilkinson, Stewart"]
[Result "0-1"]
[WhiteElo "1800"]
[BlackElo "1873"]
[PlyCount "50"]
[EventDate "1998.04.30"]
[EventType "swiss"]
[EventRounds "5"]

1. e4 e6 2. d4 d5 3. exd5 exd5 4. Be2 Bd6 5. Nf3 Nc6 6. O-O Be6 7. Ng5 Qd7 8. Nxe6 fxe6 9. Bh5+ g6 10. Bg4 O-O-O 11. Re1 Re8 12. Nc3 h5 13. Bh3 Nf6 14. Bg5 Ng4 15. g3 Qf7 16. f3 Nxh2 17. Kxh2 h4 18. f4 hxg3+ 19. Kxg3 Bxf4+ 20. Bxf4 Rxh3+ 21. Kxh3 Qxf4 22. Kg2 Qg5+ 23. Kf2 Rf8+ 24. Ke2 Qg2+ 25. Ke3 Qf2+ 0-1

[Event "1998 PHCC Championships"]
[Site "Port Huron, MI"]
[Date "1998.04.30"]
[Round "5"]
[White "Willard, Phillip"]
[Black "Bedy, Noel"]
[Result "1-0"]
[WhiteElo "1508"]
[BlackElo "1628"]
[PlyCount "106"]
[EventDate "1998.04.30"]
[EventType "swiss"]
[EventRounds "5"]

1. e4 d5 2. d3 dxe4 3. dxe4 Qxd1+ 4. Kxd1 e5 5. Be3 Nf6 6. f3 Be6 7. Bd3 Nc6 8. c3 O-O-O 9. Kc2 a6 10. Ne2 Nd7 11. b4 Nb6 12. Bxb6 cxb6 13. Nd2 b5 14. a3 Be7 15. h4 Rd7 16. Rad1 Rhd8 17. Nc1 b6 18. Nf1 Bc4 19. Ne3 Be6 20. g3 Kb7 21. Rh2 Na7 22. f4 f6 23. Rhd2 Nc8 24. f5 Bf7 25. a4 bxa4 26. Bxa6+ Kc7 27. Rxd7+ Rxd7 28. Rxd7+ Kxd7 29. Bb5+ Kc7 30. Bxa4 Nd6 31. Kd3 b5 32. Bb3 Be8 33. Bg8 Bc6 34. Nd5+ Bxd5 35. Bxd5 g6 36. Be6 gxf5 37. Bxf5 Nxf5 38. exf5 h5 39. Ke4 Kc6 40. Nb3 Bf8 41. Nc1 Bh6 42. Ne2 Bf8 43. Kf3 Kd5 44. g4 e4+ 45. Ke3 hxg4 46. Nf4+ Kc4 47. Kxe4 Kxc3 48. Nd5+ Kb3 49. h5 Bh6 50. Nxf6 g3 51. Kf3 g2 52. Kxg2 Kxb4 53. Ng4 Kc3 1-0